EL DESAFIO MEXICANO/

保存先:
書誌詳細
その他の著者: Alba, Francisco (autor) (autor)
フォーマット: 図書
主題:
タグ: タグ追加
タグなし, このレコードへの初めてのタグを付けませんか!

MARC

LEADER 00000nam^a2200000^a^4500
001 000224782
005 20250521000000.0
009 20260310104102.229
020 |a 968-493-011-9 
035 |a 014941 
037 |a Acervo Xavier Clavigero 
082 |a 320. 972  |b DES 
245 1 3 |a EL DESAFIO MEXICANO/  |c FRANCISCO DE ALBA ...[ ET. AL.] 
264 |a MEXICO :  |b OCEANO,  |c 1982 
300 |a 354p. 
336 |a texto  |b txt  |2 rdacontenido 
337 |a sin mediación  |b n  |2 rdamedio 
338 |a volumen  |b nc  |2 rdasoporte 
649 |a XX 
650 |a Política -  |z México 
650 |a México -  |x Condiciones Económicas 
650 |a México -  |x Condiciones Sociales y Culturales 
700 |a Alba, Francisco  |e (autor) 
910 |a Fondo General 
920 |a Impresos - Libros 
930 |a Colección General 
905 |a 101 
901 |a 014941  |b IT1  |c ACC  |i 014941  |u 20250521 
902 |a https://opac.biblio.iteso.mx/vufind/Record/000224782